| 000 | 02329cam a22005894i 4500 | ||
|---|---|---|---|
| 003 | PE-LiUPU | ||
| 005 | 20250731170419.0 | ||
| 008 | 150623s1999 mx a r 000 0 spa d | ||
| 020 | _a9687529806 | ||
| 020 | _a9789687529806 | ||
| 035 | _a(Sirsi) i9789687529806 | ||
| 040 |
_aPE-LiUPU _bspa _cPE-LiUPU _dPE-LiUPU _erda |
||
| 049 | _aPRUA | ||
| 082 | 0 | 4 |
_a153.7 _bG66 _221 |
| 100 | 1 |
_aGoldstein, E. Bruce, _eautor. |
|
| 245 | 1 | 0 |
_aSensación y percepción / _cE. Bruce Goldstein. |
| 264 | 1 |
_aMéxico : _bInternational Thomson Editores, _c1999. |
|
| 300 |
_a661 páginas : _bilustraciones ; _c26 centímetros |
||
| 336 |
_atext _2rdacontent |
||
| 337 |
_aunmediated _2rdamedia |
||
| 338 |
_avolume _2rdacarrier |
||
| 505 | 0 | _aReceptores y procesamiento neuronal -- Procesamiento visual -- Percepción del color -- Constancia perceptual -- Percepción de objetos -- Percepción del espacio visual -- Tamaño, ilusiones y aspectos ecológicos de la percepción -- Percepción del movimiento -- Sonido, sistema auditivo y percepción del tono -- Percepción del volumen, el timbre y el sonido ambiental -- Percepción del habla -- Sentidos cutáneos -- Sentidos químicos -- Desarrollo perceptual -- Aspectos clínicos de la visión y la audición -- Procedimiento y teoría de la detección de señales. | |
| 526 | _aSEG68 | ||
| 526 | _aSEG70 | ||
| 526 | _aSEG69 | ||
| 526 | _aSEG67 | ||
| 526 | _aSEG43 | ||
| 526 | _aP144 | ||
| 526 | _aP143 | ||
| 526 | _aP131 | ||
| 526 | _aP122 | ||
| 526 | _aP120 | ||
| 526 | _aP117 | ||
| 526 | _aP112 | ||
| 526 | _aP110 | ||
| 526 | _aP106 | ||
| 526 | _aP101 | ||
| 526 | _aP80 | ||
| 526 | _aP59 | ||
| 526 | _aP54 | ||
| 526 | _aP35 | ||
| 526 | _aP33 | ||
| 526 | _aP30 | ||
| 650 | 0 | 4 | _aPercepción. |
| 650 | 0 | 4 | _aSentidos y sensaciones. |
| 942 |
_2ddc _cBOOK |
||
| 949 |
_a153.7 G66 _wDEWEY _c1 _i48282 _d2016-9-8 _e2016-8-29 _lCCODEBUL1 _mBUL _n4 _r0 _sY _tBOOK _u2015-6-24 _xEDUCACION _zUNKNOWN _0COMPRA _o.STAFF. Colección Ciencias de la Salud |
||
| 994 |
_aC0 _bPEPRU |
||
| 596 | _a1 | ||
| 999 |
_a153.7 G66 _wDEWEY _c25953 _i48282 _d25953 _e2017-8-22 _f2021-11-3 _g6 _lCCODEBUL1 _mBUL _n5 _p25.00 _q1 _r0 _sY _tBOOK _u2015-6-24 _xSALUD _zUNKNOWN _0COMPRA _o.STAFF. Colección Ciencias de la Salud |
||
| 980 |
_81 _gALBERTO SANCHEZ Responsable de Automatización |
||